LIBRARY & INFORMATION CENTRE, KCAET, TAVANUR

ONLINE PUBLIC ACCESS CATALOGUE (OPAC)

Fishing gear and craft Technology / (Record no. 11993)

MARC details
000 -LEADER
fixed length control field 00535cam a2200193ua 4500
041 ## - LANGUAGE CODE
Language code of text/sound track or separate title eng
082 ## - DEWEY DECIMAL CLASSIFICATION NUMBER
Classification number 639.2
Item number SRE/FIS
100 ## - MAIN ENTRY--AUTHOR NAME
Personal name Sreekrishna, Y.
245 ## - TITLE STATEMENT
Title Fishing gear and craft Technology /
260 ## - PUBLICATION, DISTRIBUTION, ETC. (IMPRINT)
Place of publication New Delhi :
Name of publisher Indian Council for Agricultural Research ,
Year of publication 2000.
300 ## - PHYSICAL DESCRIPTION
Number of Pages 342 ; .
700 1# - ADDED ENTRY--PERSONAL NAME
Personal name Latha, Shenoy .
700 1# - ADDED ENTRY--PERSONAL NAME
Personal name Sreekrishna, Y .
942 ## - ADDED ENTRY ELEMENTS (KOHA)
Koha item type Books
Holdings
Withdrawn status Lost status Damaged status Home library Current library Date acquired Full call number Accession Number Koha item type
      KAUAET KAUAET 07/04/2012 639.2 20861 Books
free website counter